| 000 | 01150cam a2200361 a 4500 | ||
|---|---|---|---|
| 001 | 12032462 | ||
| 003 | OSt | ||
| 005 | 20140310182727.0 | ||
| 008 | 000323s1999 ph b 000 0 eng | ||
| 010 | _a 00280561 | ||
| 020 | _a9712327795 | ||
| 035 | _a(DLC) 00280561 | ||
| 037 |
_bLibrary of Congress -- Jakarta Overseas Office _cP275.00 |
||
| 040 |
_aDLC _cDLC _dDLC |
||
| 042 | _alcode | ||
| 050 | 0 | 0 |
_aLB 7 _b.Or77 2001 |
| 100 | 1 | _aOrteza y Miranda, Evelina M. | |
| 245 | 1 | 0 |
_aReadings in philosophy of education / _cEvelina M. Orteza y Miranda. |
| 250 | _a1st ed. | ||
| 260 |
_aManila, Philippines : _bPublished and distributed by Rex Book Store, _c2001. |
||
| 300 |
_a346 p. : _c23 cm. |
||
| 504 | _aIncludes bibliographical references. | ||
| 521 | _aEDU | ||
| 562 | _eFor Circulation. 2 copy in the Collection | ||
| 650 | 0 |
_aEducation _xPhilosophy. |
|
| 650 | 0 | _aTeachers colleges. | |
| 650 | 0 |
_aTeachers _xTraining of. |
|
| 906 |
_a7 _bcbc _corigode _d3 _encip _f20 _gy-gencatlg |
||
| 942 |
_2lcc _cBK _kLOC |
||
| 999 |
_c15406 _d15406 |
||